000 00357pab a2200145 454500
008 180718b2006 xxu||||| |||| 00| 0 eng d
100 _aRay, Sawmya
245 _aLegal constructions of domestic violence
260 _c2006
300 _ap.427-48.
362 _aSep-Dec
650 _aDomestic violence
773 _aSociological Bulletin
909 _a72769
999 _c72769
_d72769